LEADER 01090nam0-22003371i-450- 001 990004457080403321 005 20150708105049.0 035 $a000445708 035 $aFED01000445708 035 $a(Aleph)000445708FED01 035 $a000445708 100 $a19990604f19211927km-y0itay50------ba 101 0 $afre 105 $ay-------001yy 200 1 $a<>péril judéo-maçonnique$fM.gr Jouin 205 $a7e ed. 210 $aParis$cRevue Internationale$cÉmile-Paul fréres$d1921- 215 $av.$d26 cm 327 0 $a1.: <>"Protocols" des Sages de Sion. -7. ed. . -1921$a2.1: <>Judéo-Maçonnerie et l'Église Catholique Les Fidèles de la contre-église. - 1927 610 0 $aMassoneria - Francia 676 $a366.0944 700 1$aJouin,$bErnest$0177775 702 1$aNilus,$bSerge 801 0$aIT$bUNINA$gRICA$2UNIMARC 901 $aBK 912 $a990004457080403321 952 $a366 JOU 1 (1)$bR.Bibl. 11241a$fFLFBC 952 $a366 JOU 1 (2.1)$bR.Bibl. 11241b$fFLFBC 959 $aFLFBC 996 $aPeril judeo-maconnique$9544153 997 $aUNINA LEADER 01191cam0-22004451i-450- 001 990001122710403321 005 20120511115925.0 010 $a88-453-0229-6 035 $a000112271 035 $aFED01000112271 035 $a(Aleph)000112271FED01 035 $a000112271 100 $a20001205d1981----km-y0itay50------ba 101 1 $aita$ceng 102 $aIT 105 $aa---a---001yy 200 1 $aAlgebra moderna$fF. Ayres Frank jr. 210 $aMilano$cEtas Libri$dc1981 215 $a243 p.$d27 cm 225 1 $aCollana Schaum$v46 300 $a425 problemi risolti. 610 0 $aAlgebra$aEsercizi 610 0 $aNumeri$aTeoria algebrica 676 $a512 700 1$aAyres,$bFrank$f<1901- >$0110 801 0$aIT$bUNINA$gRICA$2UNIMARC 901 $aBK 912 $a990001122710403321 952 $aC-10-(46$b1317$fMA1 952 $a13 K 64 25$b32432$fFINBC 952 $aSCHAUM-46-(D$b1318$fMA1 952 $aSCHAUM-46-(B$fMA1 952 $a02 1 A 53$b3933$fFINBN 952 $aSCHAUM-46-(A$b9861$fMA1 952 $aSCHAUM-46-(C$b10561$fMA1 959 $aMA1 959 $aFINBC 962 $a08-01 996 $aModern algebra$927462 997 $aUNINA LEADER 00883nam0-2200265 --450 001 9910594289003321 005 20221014121256.0 100 $a20221014d1933----kmuy0itay5050 ba 101 0 $ager 102 $aUN 105 $a 001yy 200 1 $a<>rechtsgeschaftliche Treuhandverhaltnis$eein dogmatischer und rechtsvergleichender Beitrag zum allgemeinen Treuhandproblem$fvon Wolfgang Siebert 205 $a2. Aufl. 210 $aMarburg in Hessen$cElwert$d1933 215 $aXXXII, 439 p.$d23 cm 225 1 $aArbeiten zum Handels- Gewerbe- und Landwirtschaftsrecht$v68 676 $a346$v23$zita 700 1$aSiebert,$bWolfgang$01260447 801 0$aIT$bUNINA$gREICAT$2UNIMARC 901 $aBK 912 $a9910594289003321 952 $aCollezione 180(68)$b58706$fFGBC 959 $aFGBC 996 $aRechtsgeschaftliche Treuhandverhaltnis$92921015 997 $aUNINA